Wie nehmen Besucher Ihren Messe-Stand wirklich wahr? Einladung zu einer Basis-Untersuchung.

Vyvíjanie postupu, pomocou ktorého sa podarilo zistiť, ako vnímali návštevníci veľtrhu určitý stánok. Prvky stvárnenia stánku a informácie, ktoré priťahujú pozornosť návštevníkov veľtrhu. Výsledky ankety o dojmoch, ktoré získali návštevníci o stánku.

Salvato in:
Dettagli Bibliografici
Autore principale: Kindt, M.
Natura: Capitolo di libro
Lingua:tedesco
Soggetti:
Tags: Aggiungi Tag
Nessun Tag, puoi essere il primo ad aggiungerne!!

MARC

LEADER 00000naa a2200000 4500
001 r001586
005 20220819184313.4
041 0 |a ger 
044 |a DE 
245 1 0 |a Wie nehmen Besucher Ihren Messe-Stand wirklich wahr?  |b Einladung zu einer Basis-Untersuchung.  |c M. Kindt 
520 |a Vyvíjanie postupu, pomocou ktorého sa podarilo zistiť, ako vnímali návštevníci veľtrhu určitý stánok. Prvky stvárnenia stánku a informácie, ktoré priťahujú pozornosť návštevníkov veľtrhu. Výsledky ankety o dojmoch, ktoré získali návštevníci o stánku. 
610 2 0 |a veľtrhy 
610 2 0 |a reklama 
610 2 0 |a aranžérstvo 
610 2 0 |a informácie 
610 2 0 |a ankety 
610 2 0 |a prieskum spotrebiteľský 
100 1 |a Kindt, M.